| 000 | 00483 a2200169 4500 | ||
|---|---|---|---|
| 003 | OSt | ||
| 005 | 20231215152154.0 | ||
| 008 | 231215b |||||||| |||| 00| 0 eng d | ||
| 020 | _a8170553458 | ||
| 040 | _coclc | ||
| 082 |
_a891.431 _bSIN/A |
||
| 100 |
_aSingh, Mahendra Prasad _96342 |
||
| 245 |
_aASHWATATH / _cMahendra Prasad Singh |
||
| 260 |
_aNew Delhi: _bVani Prakashan, _c1994. |
||
| 300 | _a78p | ||
| 942 |
_2ddc _cBK _h891.431 _iSIN/A _k891.431 _mSIN/A |
||
| 999 |
_c43429 _d43429 |
||